[Event "European Rapid 2022"]
[Site "Katowice POL"]
[Date "2022.12.17"]
[Round "1.30"]
[White "Kosakowski, Jakub"]
[Black "Nagly, Wojciech"]
[Result "1-0"]
[WhiteTitle "IM"]
[WhiteElo "2475"]
[BlackElo "1558"]
[WhiteFideId "1185080"]
[BlackFideId "21884285"]
[EventDate "2022.12.17"]

1. e4 c5 2. Nf3 Nc6 3. Bb5 Nd4 4. Nxd4 cxd4 5. O-O a6 6. Bc4 g6 7. c3 e5 8. cxd4
exd4 9. Qb3 Qe7 10. d3 d6 11. Nd2 Bg7 12. Nf3 Bg4 13. Ng5 Nh6 14. Bd5 Rb8 15. h3
Bc8 16. Nf3 O-O 17. Bg5 Qe8 18. Rac1 Be6 19. Rc7 Bxd5 20. Qxd5 Qe6 21. Qxe6 fxe6
22. Rfc1 Nf7 23. Bd2 e5 24. Kf1 Bh6 25. Rxf7 Rxf7 26. Bxh6 Rd7 27. Ke2 b5 28.
Ng5 a5 29. f4 b4 30. f5 gxf5 31. exf5 a4 32. f6 a3 33. b3 d5 34. Rf1 Rf7 35. Rf5
Rc8 36. Kd2 Rc6 37. Rxe5 Rc8 38. Nxf7 Kxf7 39. Rxd5 Kxf6 40. Rxd4 Kg6 41. Bf4
Rf8 42. Rxb4 h5 43. Ra4 h4 44. Ke3 Rc8 45. Rxa3 Rc2 46. Ra6+ Kf5 47. Ra5+ Kg6
48. Kf3 1-0

[Event "European Rapid 2022"]
[Site "Katowice POL"]
[Date "2022.12.17"]
[Round "1.31"]
[White "Pycinski, Wladyslaw"]
[Black "Kazakouski, Valery"]
[Result "0-1"]
[BlackTitle "GM"]
[WhiteElo "1867"]
[BlackElo "2539"]
[WhiteFideId "21054509"]
[BlackFideId "13507443"]
[EventDate "2022.12.17"]

1. d4 Nf6 2. Nf3 e6 3. g3 b5 4. Bg2 Bb7 5. O-O c5 6. Nbd2 Na6 7. c4 Qb6 8. cxb5
Qxb5 9. dxc5 Nxc5 10. Nd4 Qa6 11. N2f3 Be7 12. b3 O-O 13. Bb2 Rfc8 14. Ne5 Bxg2
15. Kxg2 Qb7+ 16. Ndf3 a5 17. Rb1 h6 18. Qd2 Nce4 19. Qd3 d6 20. Nc4 d5 21. Nce5
a4 22. Bd4 axb3 23. axb3 Nd6 24. Rfc1 Nb5 25. Bb2 Ne4 26. Rxc8+ Rxc8 27. Rc1
Rxc1 28. Bxc1 f6 29. Ng4 e5 30. Ne3 Nc7 31. Qc2 Bc5 32. Bd2 Ne6 33. Be1 Bxe3 34.
fxe3 Kf7 35. Nd2 Nxd2 36. Bxd2 Ng5 37. h4 Ne4 38. Kh2 g5 39. hxg5 hxg5 40. Be1
g4 41. b4 Ke6 42. Kg1 Qa6 43. Kf1 Kd7 44. Qb3 Qb5 45. Qa2 Nd6 46. Qa7+ Qb7 47.
Qa4+ Ke6 48. Qb3 Qc6 49. Qa2 Qc4 50. Qa8 Qc8 51. Qa7 Qb7 52. Qa4 Ke7 53. Qc2 f5
54. Qc5 Ke6 55. Qc2 Nc4 56. Qc3 Qh7 57. Kg1 Qa7 58. Bf2 Qa2 59. Kf1 Qb1+ 60. Kg2
Qb2 61. Qe1 Nd6 62. Kf1 Ne4 63. Kg2 Qb3 64. Qc1 Qc4 65. Qe1 Nc3 66. Qh1 Qe4+ 67.
Kh2 Qxh1+ 68. Kxh1 Nxe2 69. Be1 d4 70. exd4 Nxd4 71. Kg2 Kd5 72. Bc3 Kc4 73. Bd2
Nf3 74. b5 Kxb5 75. Bc3 Kc4 76. Bb2 Kd3 77. Kf2 Ke4 78. Bc3 f4 79. Bb2 Ng5 80.
gxf4 exf4 81. Bc1 g3+ 82. Kg2 Kf5 83. Bd2 Kg4 84. Be1 f3+ 85. Kf1 Ne4 86. Bb4
Kh3 87. Be1 Kh2 88. Bf2 Nxf2 0-1

[Event "European Rapid 2022"]
[Site "Katowice POL"]
[Date "2022.12.17"]
[Round "1.32"]
[White "De Filomeno, Simone"]
[Black "Wydmanski, Szymon"]
[Result "1-0"]
[WhiteTitle "IM"]
[WhiteElo "2450"]
[BlackElo "1821"]
[WhiteFideId "828688"]
[BlackFideId "21866759"]
[EventDate "2022.12.17"]

1. d4 Nf6 2. c4 c5 3. Nf3 cxd4 4. Nxd4 e5 5. Nb5 d5 6. cxd5 a6 7. N5c3 Bc5 8. g3
e4 9. Nxe4 Bb4+ 10. Nec3 Qxd5 11. Qxd5 Nxd5 12. Bg2 Be6 13. O-O Nxc3 14. bxc3
Be7 15. Bxb7 Ra7 16. Bg2 Bf6 17. Be3 Rc7 18. Bf4 Rc8 19. Nd2 Bxc3 20. Rac1 O-O
21. Ne4 Bb2 22. Rxc8 Rxc8 23. Rb1 1-0

[Event "European Rapid 2022"]
[Site "Katowice POL"]
[Date "2022.12.17"]
[Round "1.33"]
[White "Herwy, Jakub"]
[Black "Stefansson, Hannes"]
[Result "0-1"]
[BlackTitle "GM"]
[WhiteElo "1808"]
[BlackElo "2526"]
[WhiteFideId "21852855"]
[BlackFideId "2300087"]
[EventDate "2022.12.17"]

1. e4 c5 2. f4 d5 3. exd5 Nf6 4. Bb5+ Nbd7 5. Qf3 g6 6. a4 Bg7 7. Ne2 O-O 8.
Nbc3 Nb6 9. d3 Nbxd5 10. O-O Nb4 11. Bd2 Nxc2 12. Rac1 Nd4 13. Nxd4 cxd4 14. Ne4
Nd5 15. Rc5 Ne3 16. Rfc1 Be6 17. Kh1 a6 18. Bc4 Nxc4 19. dxc4 b6 20. Rg5 Rc8 21.
b3 Qd7 22. Rf1 f5 23. Nf2 b5 24. cxb5 axb5 25. Bb4 bxa4 26. bxa4 Qxa4 27. Bxe7
Rfe8 28. Qb7 Qc4 29. Kg1 Rc7 30. Qb4 Rcxe7 31. Qa3 Bd5 32. Nd3 Re3 33. Rd1 Qc2 0-1

[Event "European Rapid 2022"]
[Site "Katowice POL"]
[Date "2022.12.17"]
[Round "1.34"]
[White "Alonso Rosell, Alvar"]
[Black "Radzimski, Antoni"]
[Result "1-0"]
[WhiteTitle "GM"]
[WhiteElo "2561"]
[BlackElo "1734"]
[WhiteFideId "2270544"]
[BlackFideId "21052476"]
[EventDate "2022.12.17"]

1. d4 d5 2. c4 e6 3. Nf3 Nf6 4. g3 Be7 5. Bg2 O-O 6. Nc3 Nbd7 7. Qd3 dxc4 8.
Qxc4 Nb6 9. Qb3 Bd7 10. Ne5 Rb8 11. O-O Bd6 12. Nd3 c6 13. e4 Bc7 14. Rd1 Qe7
15. h3 Rbd8 16. Be3 Rfe8 17. Rac1 h6 18. a4 a5 19. d5 Nc8 20. Qxb7 Bxg3 21. fxg3
exd5 22. e5 Nd6 23. Qa7 Nh5 24. Bc5 Qg5 25. Bxd6 Nxg3 26. Kh2 Nf5 27. Qf2 Re6
28. Qf4 Qh5 29. Bf3 Qg6 30. Nc5 Ree8 31. Nxd7 Rxd7 32. Rg1 Qh7 33. Bg4 Rb7 34.
Bxf5 Rxb2+ 35. Kh1 g6 36. e6 Kh8 37. Be5+ Kg8 38. exf7+ Qxf7 39. Rxg6+ Qxg6 40.
Bxg6 Rxe5 41. Qf7+ Kh8 42. Qf8# 1-0

[Event "European Rapid 2022"]
[Site "Katowice POL"]
[Date "2022.12.17"]
[Round "1.35"]
[White "Galant, Ireneusz"]
[Black "Gavrilescu, David"]
[Result "0-1"]
[BlackTitle "IM"]
[WhiteElo "1797"]
[BlackElo "2522"]
[WhiteFideId "1148206"]
[BlackFideId "1227190"]
[EventDate "2022.12.17"]

1. d4 Nf6 2. Nc3 d5 3. Bf4 a6 4. e3 c5 5. dxc5 Nc6 6. Nf3 Bg4 7. Be2 e6 8. Na4
Ne4 9. O-O Nxc5 10. Nxc5 Bxc5 11. Ne5 Bxe2 12. Qxe2 O-O 13. Qg4 Qe7 14. Qg3 f6
15. Nxc6 bxc6 16. Bc7 a5 17. a3 e5 18. Bxa5 Rxa5 19. b4 Bxb4 20. axb4 Qxb4 21.
Rab1 Qe7 22. Rb6 Rc5 23. Rfb1 Rxc2 24. h4 Qf7 25. Rb8 Rc1+ 26. Rxc1 Rxb8 27.
Rxc6 Qd7 28. Rc1 Rd8 29. h5 h6 30. Qg6 Kh8 31. Qg3 Qa4 32. Qg6 Qa7 33. Rc6 Qe7
34. Qc2 d4 35. Rc7 d3 0-1

[Event "European Rapid 2022"]
[Site "Katowice POL"]
[Date "2022.12.17"]
[Round "1.36"]
[White "Huzman, Alexander"]
[Black "Wieczorek, Jakub"]
[Result "1-0"]
[WhiteTitle "GM"]
[WhiteElo "2526"]
[BlackElo "1748"]
[WhiteFideId "2803828"]
[BlackFideId "21800693"]
[EventDate "2022.12.17"]

1. Nf3 d5 2. g3 Nf6 3. Bg2 c6 4. O-O Bf5 5. c4 e6 6. Qb3 Qb6 7. d3 Nbd7 8. cxd5
exd5 9. Qc2 Be7 10. Nc3 h6 11. e4 dxe4 12. dxe4 Bh7 13. Qe2 Nc5 14. Rd1 Nfd7 15.
Bh3 Rd8 16. Be3 Qb4 17. a3 Qb3 18. Nd4 Qb6 19. b4 Nxe4 20. Nxe4 Bxe4 21. Ne6 Bd5
22. Bxb6 Nxb6 23. Nxd8 Kxd8 24. Bg2 Re8 25. Bxd5 Nxd5 26. Rxd5+ cxd5 27. Qb5 Bf6
28. Rc1 Re7 29. Qa5+ Ke8 30. Qxa7 Rd7 31. Re1+ Kf8 32. Qc5+ Kg8 33. Qc8+ Rd8 34.
Re8+ 1-0

[Event "European Rapid 2022"]
[Site "Katowice POL"]
[Date "2022.12.17"]
[Round "1.38"]
[White "Keinanen, Toivo"]
[Black "Lukasik, Zuzanna"]
[Result "1-0"]
[WhiteTitle "IM"]
[WhiteElo "2508"]
[BlackElo "1781"]
[WhiteFideId "509825"]
[BlackFideId "21813906"]
[EventDate "2022.12.17"]

1. d4 d5 2. Nf3 Nf6 3. e3 e6 4. Bd3 c5 5. c3 Be7 6. dxc5 Bxc5 7. O-O O-O 8. Nbd2
Nc6 9. b4 Bd6 10. Bb2 b6 11. Qe2 Bb7 12. e4 dxe4 13. Nxe4 Nxe4 14. Qxe4 g6 15.
Qe3 Qf6 16. a3 Ne5 17. Nxe5 Qxe5 18. Qxe5 Bxe5 19. Rfe1 Bg7 20. f3 Rac8 21. Rac1
Rc7 22. Re2 Rd8 23. Bb5 Rdc8 24. Rec2 a6 25. Be2 b5 26. a4 bxa4 27. c4 Bxb2 28.
Rxb2 Bd5 29. Ra2 Rc6 30. Rac2 R6c7 31. Bd3 Bb7 32. Kf2 Rb8 33. Ra1 Bc6 34. b5
Bb7 35. b6 Rd7 36. Ke3 Bc6 37. c5 a5 38. Be4 Rc8 39. Bxc6 Rxc6 40. Rxa4 Rb7 41.
Rxa5 Kg7 42. Kd3 Kf6 43. Ra6 Ke5 44. Kc4 Rd7 45. Kb5 Rc8 46. Re2+ Kf5 47. Ra4
Rd5 48. Rc4 Rb8 49. Rcc2 Kf6 50. Red2 Re5 51. Rd7 Kg7 52. b7 1-0

[Event "European Rapid 2022"]
[Site "Katowice POL"]
[Date "2022.12.17"]
[Round "1.39"]
[White "Vidmar, Klara"]
[Black "Sebenik, Matej"]
[Result "0-1"]
[BlackTitle "GM"]
[WhiteElo "1812"]
[BlackElo "2538"]
[WhiteFideId "14624753"]
[BlackFideId "14602296"]
[EventDate "2022.12.17"]

1. e4 c5 2. c3 e5 3. Nf3 Nc6 4. Bb5 a6 5. Bxc6 dxc6 6. Nxe5 Qg5 7. d4 Qxg2 8.
Qf3 Qxf3 9. Nxf3 Nf6 10. e5 Nd5 11. b3 Bg4 12. Ng5 h6 13. f3 Bh5 14. Nh3 Bxf3
15. Rg1 Be4 16. Bd2 O-O-O 17. c4 Nb4 18. Bxb4 cxb4 19. Ke2 Bf5 20. Nf4 Rxd4 0-1

[Event "European Rapid 2022"]
[Site "Katowice POL"]
[Date "2022.12.17"]
[Round "1.40"]
[White "Drozdowski, Kacper"]
[Black "Kozubal, Aleksandra"]
[Result "1-0"]
[WhiteTitle "IM"]
[WhiteElo "2448"]
[BlackElo "1753"]
[WhiteFideId "1136720"]
[BlackFideId "1166573"]
[EventDate "2022.12.17"]

1. e4 c5 2. Nf3 e6 3. d4 cxd4 4. Nxd4 a6 5. Bd3 Qc7 6. O-O Nf6 7. Qe2 d6 8. c4
Be7 9. Nc3 O-O 10. Be3 Nbd7 11. Rac1 b6 12. b3 Bb7 13. Rfd1 Nc5 14. f3 Nxd3 15.
Qxd3 Rfd8 16. Qe2 Nd7 17. Qf2 Bf6 18. Nde2 Rab8 19. Bd4 Bxd4 20. Rxd4 Nf6 21.
Rcd1 Rd7 22. R4d2 h6 23. Qd4 Bc6 24. Rc1 Qb7 25. Rdc2 Rc8 26. a4 Qb8 27. Nd1 Ba8
28. Ne3 Rcd8 29. h3 Kh8 30. Ng4 Nxg4 31. hxg4 e5 32. Qe3 f6 33. Ng3 b5 34. cxb5
axb5 35. Nf5 bxa4 36. bxa4 d5 37. exd5 Bxd5 38. a5 Ba8 39. Qb6 Qa7 40. Rc7 Rxc7
41. Rxc7 Qxb6+ 42. axb6 Rb8 43. Rxg7 Rxb6 44. Re7 Bd5 45. Nxh6 Rb1+ 46. Kh2 Rb2
47. Kg3 Bc4 48. Nf5 Bf1 49. Ne3 Bd3 50. Rf7 e4 51. Rxf6 exf3 52. gxf3 1-0

[Event "European Rapid 2022"]
[Site "Katowice POL"]
[Date "2022.12.17"]
[Round "1.41"]
[White "Kovalchuk, Victor"]
[Black "Dvirnyy, Danyyil"]
[Result "0-1"]
[BlackTitle "GM"]
[WhiteElo "1602"]
[BlackElo "2530"]
[WhiteFideId "14191334"]
[BlackFideId "817570"]
[EventDate "2022.12.17"]

1. e4 e5 2. Nf3 Nc6 3. Bc4 Bc5 4. O-O Nf6 5. d3 d6 6. c3 a5 7. Bb3 O-O 8. Bg5 h6
9. Bh4 g5 10. Bg3 Bg4 11. Nbd2 Nh5 12. Kh1 Kg7 13. h3 Nxg3+ 14. fxg3 Bd7 15. Qe2
a4 16. Bc2 b5 17. a3 Bb6 18. g4 Ne7 19. d4 Ng6 20. dxe5 dxe5 21. Rad1 Qe7 22.
Ne1 Nf4 23. Qf3 h5 24. gxh5 g4 25. Qg3 Nxh5 26. Qd3 Rh8 27. Ndf3 Ng3+ 28. Kh2
Nxf1+ 29. Qxf1 gxf3 30. Nxf3 Rag8 0-1

[Event "European Rapid 2022"]
[Site "Katowice POL"]
[Date "2022.12.17"]
[Round "1.42"]
[White "Nasuta, Grzegorz"]
[Black "Peglau, Sarah"]
[Result "1-0"]
[WhiteTitle "GM"]
[WhiteElo "2546"]
[BlackElo "1790"]
[WhiteFideId "1141686"]
[BlackFideId "16219961"]
[EventDate "2022.12.17"]

1. e4 c6 2. d4 d5 3. Nc3 dxe4 4. Nxe4 Nd7 5. Ng5 Ngf6 6. Bd3 e6 7. N1f3 Be7 8.
Qe2 Nb6 9. Ne5 O-O 10. c3 h6 11. Ne4 Qc7 12. Nxf6+ Bxf6 13. Qe4 Rd8 14. Qh7+ Kf8
15. Bf4 Rd6 16. Qh8+ Ke7 17. Qg8 Bxe5 18. Bxe5 Nd5 19. Qxg7 b6 20. Bg6 1-0

[Event "European Rapid 2022"]
[Site "Katowice POL"]
[Date "2022.12.17"]
[Round "1.43"]
[White "Gamal, Alaa"]
[Black "Dragnev, Valentin"]
[Result "0-1"]
[BlackTitle "GM"]
[WhiteElo "1713"]
[BlackElo "2556"]
[WhiteFideId "469114"]
[BlackFideId "1634852"]
[EventDate "2022.12.17"]

1. d4 Nf6 2. c4 c5 3. d5 b5 4. cxb5 a6 5. bxa6 g6 6. Nc3 Bg7 7. e4 d6 8. Nf3 O-O
9. Be2 Qa5 10. O-O Bxa6 11. Bxa6 Qxa6 12. Qe2 Qxe2 13. Nxe2 Nxe4 14. Ng3 Nf6 15.
Rd1 Nbd7 16. a4 Nb6 17. a5 Nbxd5 18. Bd2 Rfb8 19. Ra2 Ra6 20. Bc3 Nxc3 21. bxc3
Rba8 22. Re1 Kf8 23. Rea1 Nd5 24. Ne2 Nxc3 25. Nxc3 Bxc3 26. Rc1 Rxa5 27. Rac2
Bf6 28. g3 Ra1 29. Kg2 Rxc1 30. Rxc1 Ra2 31. Rb1 c4 32. Rb8+ Kg7 33. Rc8 c3 0-1

[Event "European Rapid 2022"]
[Site "Katowice POL"]
[Date "2022.12.17"]
[Round "1.44"]
[White "Tazbir, Marcin"]
[Black "Kotowicz, Kamil"]
[Result "1-0"]
[WhiteTitle "GM"]
[WhiteElo "2508"]
[BlackElo "1771"]
[WhiteFideId "1122452"]
[BlackFideId "21861412"]
[EventDate "2022.12.17"]

1. c4 c5 2. g3 Nc6 3. Bg2 g6 4. Nc3 Bg7 5. Nh3 Nf6 6. O-O O-O 7. Nf4 d6 8. d3
Bd7 9. Rb1 Rb8 10. e3 a6 11. a4 Nb4 12. e4 e5 13. Nfe2 b5 14. axb5 axb5 15. cxb5
Bxb5 16. Nxb5 Rxb5 17. Nc3 Ra5 18. f4 Nd7 19. f5 Qb6 20. Rf2 Qa6 21. Bf1 Nf6 22.
d4 Qb7 23. dxe5 dxe5 24. Qf3 Nc6 25. Bc4 Nd4 26. Qd1 Nxe4 27. Nxe4 Qxe4 28. Bd3
Qd5 29. f6 Bh8 30. Qf1 e4 31. Bc4 Qh5 32. Bd2 Raa8 33. Bc3 Nf3+ 34. Kh1 Qg5 35.
Rd1 Rfd8 36. Bxf7+ Kxf7 37. Qc4+ Kf8 38. Rxd8+ Rxd8 39. Qxe4 Rd1+ 40. Kg2 Rg1+
41. Kxf3 Qh5+ 42. Ke3 Qg5+ 43. Rf4 Bxf6 44. Kf2 Rd1 45. Rxf6+ 1-0

[Event "European Rapid 2022"]
[Site "Katowice POL"]
[Date "2022.12.17"]
[Round "1.45"]
[White "Lonski, Aleksander"]
[Black "Saraci, Nderim"]
[Result "0-1"]
[BlackTitle "IM"]
[WhiteElo "1661"]
[BlackElo "2468"]
[WhiteFideId "21016321"]
[BlackFideId "6351921"]
[EventDate "2022.12.17"]

1. e4 c5 2. c4 Nc6 3. Ne2 g6 4. d4 Bg7 5. d5 Nd4 6. Nbc3 d6 7. Be3 Qb6 8. Qd2
Bd7 9. Rd1 Nxe2 10. Bxe2 Nf6 11. O-O O-O 12. Rb1 Qa5 13. a3 Ng4 14. Bxg4 Bxg4
15. Bh6 a6 16. Bxg7 Kxg7 17. b4 Qxa3 18. bxc5 Qxc5 19. Rxb7 Qxc4 20. Rxe7 Rac8
21. Na2 Rfe8 22. Qb2+ Kg8 23. Rxe8+ Rxe8 24. f3 Bd7 25. Rc1 Qd3 26. Rc7 Qe3+ 27.
Qf2 Qb3 28. Rxd7 Qb1+ 29. Qf1 Qxa2 30. Ra7 a5 31. Qb5 Qa1+ 32. Qf1 Qd4+ 33. Qf2
Qb4 34. Qa2 Qe1# 0-1

[Event "European Rapid 2022"]
[Site "Katowice POL"]
[Date "2022.12.17"]
[Round "1.46"]
[White "Davies, Nigel R"]
[Black "Ni, Polina"]
[Result "1-0"]
[WhiteTitle "GM"]
[WhiteElo "2398"]
[BlackElo "1894"]
[WhiteFideId "404420"]
[BlackFideId "11602481"]
[EventDate "2022.12.17"]

1. Nf3 d5 2. g3 c5 3. Bg2 Nc6 4. d4 cxd4 5. Nxd4 e5 6. Nxc6 bxc6 7. O-O Nf6 8.
c4 Be7 9. Nc3 Be6 10. Bg5 e4 11. Qa4 Qd7 12. cxd5 cxd5 13. Qxd7+ Nxd7 14. Bxe7
Kxe7 15. Rfd1 Nb6 16. Rd4 Rhd8 17. Rad1 a6 18. Bf1 f5 19. e3 g5 20. Rb4 Rd6 21.
Rc1 Nd7 22. Ne2 Ne5 23. Nd4 Bd7 24. Rb7 Kf6 25. Rc5 f4 26. Be2 f3 27. Bd1 h5 28.
Bb3 Be6 29. Rh7 h4 30. Rh6+ Ng6 31. Nxe6 Rxe6 32. Bxd5 Rd6 33. h3 Rad8 34. Bxe4
Kg7 35. Rxg6+ Rxg6 36. Rc7+ Kh6 37. Bxg6 Kxg6 38. gxh4 gxh4 39. Rc4 Rd1+ 40. Kh2
Rd2 41. Rxh4 Rxf2+ 42. Kg3 Rxb2 43. Kxf3 Rxa2 44. Rb4 Kg5 45. Rb6 a5 46. Rb5+
Kh4 47. e4 Ra3+ 48. Kf4 Kxh3 49. e5 a4 50. e6 Ra1 51. e7 Rf1+ 52. Kg5 1-0

[Event "European Rapid 2022"]
[Site "Katowice POL"]
[Date "2022.12.17"]
[Round "1.47"]
[White "Nowacki, Adam"]
[Black "Abdrlauf, Elham"]
[Result "0-1"]
[BlackTitle "IM"]
[WhiteElo "1610"]
[BlackElo "2518"]
[WhiteFideId "21805105"]
[BlackFideId "1533533"]
[EventDate "2022.12.17"]

1. b3 e5 2. Bb2 Nc6 3. e3 Nf6 4. Nf3 e4 5. Ne5 Bd6 6. d4 exd3 7. Nxd3 O-O 8. Be2
Re8 9. Nd2 Bf8 10. O-O d5 11. Nf3 Bd6 12. Nd4 Nxd4 13. Bxd4 Qe7 14. Bxf6 Qxf6
15. Bf3 c6 16. g3 Bf5 17. Re1 a5 18. a4 Qc3 19. Rc1 Rad8 20. Bg4 Be4 21. Bf3 Ba3
22. Rb1 Bxf3 23. Qxf3 Qxc2 24. Qd1 Qxd1 25. Rexd1 d4 26. exd4 Rxd4 27. Ne1 Rdd8
28. Nc2 Bc5 29. Kf1 Kf8 30. Rxd8 Rxd8 31. Ke2 Bxf2 32. b4 Bb6 33. bxa5 Bxa5 34.
Nb4 Bxb4 35. Rxb4 Rb8 36. Kd3 b5 37. axb5 Rxb5 38. Rh4 h5 39. Kc4 g6 40. Rd4 Rb2
41. h4 Rc2+ 42. Kd3 Rg2 0-1

[Event "European Rapid 2022"]
[Site "Katowice POL"]
[Date "2022.12.17"]
[Round "1.50"]
[White "Seo, Jung Min"]
[Black "Piotrowski, Daniel"]
[Result "1-0"]
[WhiteTitle "IM"]
[WhiteElo "2502"]
[BlackElo "1763"]
[WhiteFideId "1734687"]
[BlackFideId "21815780"]
[EventDate "2022.12.17"]

1. d4 d5 2. Bf4 c5 3. e3 Qb6 4. Nc3 Nf6 5. Nb5 Na6 6. c3 g6 7. h3 Bg7 8. Nf3 Bd7
9. a4 c4 10. b3 Bxb5 11. axb5 Qxb5 12. Nd2 Qc6 13. bxc4 dxc4 14. Bxc4 Nc7 15.
O-O O-O 16. Qb3 Nfd5 17. Bxc7 Nxc7 18. Be2 Rfb8 19. Bf3 Qe6 20. Rfb1 a5 21. Qxe6
Nxe6 22. Rxb7 Rxb7 23. Bxb7 Ra7 24. Bd5 Nc7 25. Bb3 Nb5 26. c4 Nd6 27. c5 Nb7
28. Ra2 e5 29. Nf3 exd4 30. exd4 Kf8 31. Kf1 h6 32. Ke2 Ke7 33. Kd3 f5 34. Bd5
Nd8 35. Ra4 Ne6 36. Bxe6 Kxe6 37. Kc4 g5 38. d5+ Kd7 39. Nd4 f4 40. Nb3 Ra8 41.
Rxa5 1-0

[Event "European Rapid 2022"]
[Site "Katowice POL"]
[Date "2022.12.17"]
[Round "1.51"]
[White "Polak, Sylwia"]
[Black "Hjartarson, Johann"]
[Result "0-1"]
[BlackTitle "GM"]
[WhiteElo "1617"]
[BlackElo "2476"]
[WhiteFideId "21847657"]
[BlackFideId "2300044"]
[EventDate "2022.12.17"]

1. d4 Nf6 2. c4 e6 3. Nc3 Bb4 4. f3 c5 5. d5 d6 6. e4 exd5 7. cxd5 Nbd7 8. Bd3
O-O 9. Ne2 a6 10. a4 Ne5 11. O-O Bd7 12. Bg5 h6 13. Bh4 c4 14. Bc2 Bc5+ 15. Kh1
Ng6 16. Bf2 Bxf2 17. Rxf2 b5 18. axb5 axb5 19. Rxa8 Qxa8 20. Rf1 b4 0-1

[Event "European Rapid 2022"]
[Site "Katowice POL"]
[Date "2022.12.17"]
[Round "1.52"]
[White "Kirk, Ezra"]
[Black "Wojs, Alicja"]
[Result "1-0"]
[WhiteTitle "IM"]
[WhiteElo "2432"]
[BlackElo "1568"]
[WhiteFideId "600067"]
[BlackFideId "21882614"]
[EventDate "2022.12.17"]

1. d4 Nf6 2. Nf3 e6 3. Bf4 d5 4. Nbd2 Be7 5. e3 O-O 6. h3 Nbd7 7. c3 c5 8. Bd3
a6 9. O-O c4 10. Bc2 b5 11. Ne5 Bb7 12. Ndf3 b4 13. Re1 Nxe5 14. Nxe5 Nd7 15. e4
Nxe5 16. Bxe5 bxc3 17. bxc3 Bd6 18. Bxd6 Qxd6 19. e5 Qa3 20. Re3 f5 21. exf6
Rxf6 22. Qb1 Bc6 23. Bxh7+ Kh8 24. Bc2 Raf8 25. f3 Bb5 26. Qc1 Qd6 27. Re5 Be8
28. a4 Bg6 29. Bxg6 Rxg6 30. Qe3 Rf5 31. Re1 Rxe5 32. Qxe5 Qa3 33. Qe3 Qxa4 34.
Kh2 Qd7 35. Rb1 Kh7 36. f4 Qa4 37. Rf1 Qc2 38. Rf2 Qf5 39. Ra2 Rf6 40. Rxa6
Qxf4+ 41. Qxf4 Rxf4 42. Rxe6 Rf2 43. Re3 Kg6 44. Kg3 Rc2 45. h4 Kh5 46. Re5+ Kh6
47. Re3 Kh5 48. Kh3 g6 49. g4+ Kh6 50. Kg3 Kg7 51. Kf4 Rh2 52. Ke5 Rxh4 53. Rg3
Rh8 54. Kxd5 Rc8 55. g5 Kf7 56. Re3 Kg7 57. Kd6 Rd8+ 58. Kc7 Rf8 59. d5 1-0

[Event "European Rapid 2022"]
[Site "Katowice POL"]
[Date "2022.12.17"]
[Round "1.53"]
[White "Sprzeczka, Emilia"]
[Black "Cramling, Pia"]
[Result "0-1"]
[BlackTitle "GM"]
[WhiteElo "1837"]
[BlackElo "2463"]
[WhiteFideId "21010331"]
[BlackFideId "1700030"]
[EventDate "2022.12.17"]

1. e4 c5 2. c3 Nf6 3. e5 Nd5 4. Nf3 Nc6 5. Bc4 Nb6 6. Bb3 d5 7. exd6 Qxd6 8. O-O
Bf5 9. Na3 Bd3 10. Re1 e6 11. Bc2 Be7 12. Bxd3 Qxd3 13. Re3 Qd7 14. Nc2 O-O 15.
d4 cxd4 16. Ncxd4 Rad8 17. Qe2 Nxd4 18. Nxd4 Bc5 19. Re4 Rfe8 20. Be3 Nd5 21. h3
f5 22. Rh4 Be7 23. Rh5 Nf6 24. Rg5 Nd5 25. Rh5 g6 26. Rh6 f4 27. Qg4 Bf8 28.
Bxf4 Nxf4 29. Qxf4 e5 30. Qh4 exd4 0-1

[Event "European Rapid 2022"]
[Site "Katowice POL"]
[Date "2022.12.17"]
[Round "1.54"]
[White "Drazic, Sinisa"]
[Black "Flis, Pawel"]
[Result "1-0"]
[WhiteTitle "GM"]
[BlackTitle "CM"]
[WhiteElo "2372"]
[BlackElo "1901"]
[WhiteFideId "901172"]
[BlackFideId "1112864"]
[EventDate "2022.12.17"]

1. d3 d5 2. Bg5 c5 3. c3 Nc6 4. Nd2 f6 5. Bh4 e5 6. e4 Be6 7. Be2 Nge7 8. Bg4
Qd7 9. Bxe6 Qxe6 10. Qb3 Qd7 11. Ne2 O-O-O 12. Rd1 Kb8 13. O-O h5 14. f3 g5 15.
Bf2 Ng6 16. d4 c4 17. Qb5 dxe4 18. Nxe4 exd4 19. Nxd4 Be7 20. Qxc4 Nge5 21.
Nxc6+ Qxc6 22. Qxc6 bxc6 23. Bd4 Rhf8 24. Nxg5 fxg5 25. Bxe5+ Kb7 26. Bd4 c5 27.
Be3 Kc6 28. b3 Rfe8 29. Kf2 Bf6 30. c4 a5 31. Rxd8 Rxd8 32. Ke2 Re8 33. Rd1 a4
34. Kd3 axb3 35. axb3 Ra8 36. Rd2 Ra3 37. Ke4 Rxb3 38. Rd5 Be7 39. Bxg5 Bf8 40.
Rf5 Bd6 41. Bf4 Bxf4 42. Rxf4 Rb2 43. Rf6+ Kd7 44. Rg6 Rd2 45. g3 Rd4+ 46. Ke5
Rxc4 47. Rh6 Rc3 48. f4 Rc2 49. Rxh5 c4 50. Kd4 Ke7 51. h3 c3 52. Rc5 1-0

[Event "European Rapid 2022"]
[Site "Katowice POL"]
[Date "2022.12.17"]
[Round "1.55"]
[White "Slusarczyk, Anna"]
[Black "Costachi, Mihnea"]
[Result "0-1"]
[BlackTitle "IM"]
[WhiteElo "1679"]
[BlackElo "2476"]
[WhiteFideId "21885079"]
[BlackFideId "1217518"]
[EventDate "2022.12.17"]

1. d4 Nf6 2. Nf3 g6 3. Bf4 Bg7 4. e3 d6 5. h3 O-O 6. Be2 b6 7. O-O Bb7 8. c3
Nbd7 9. Bh2 Ne4 10. a4 a5 11. Na3 e5 12. Qc2 Ng5 13. Nxg5 Qxg5 14. Bg4 f5 15. f4
Qe7 16. Bf3 Bxf3 17. Rxf3 exf4 18. exf4 Nf6 19. Nc4 Rfe8 20. Re3 Qf7 21. Qd3
Rxe3 22. Nxe3 Re8 23. b4 Qe6 24. Nc4 axb4 25. cxb4 Nd5 26. Qd2 Nxb4 27. Rc1 Nd5
28. Bg3 Qe2 29. Re1 Qxd2 30. Rxe8+ Kf7 31. Nxd2 Bxd4+ 32. Kf1 Kxe8 33. Nf3 Be3 0-1

[Event "European Rapid 2022"]
[Site "Katowice POL"]
[Date "2022.12.17"]
[Round "1.56"]
[White "Horvath, Dominik"]
[Black "Wieckowski, Michal"]
[Result "1-0"]
[WhiteTitle "IM"]
[WhiteElo "2502"]
[BlackElo "1684"]
[WhiteFideId "1642561"]
[BlackFideId "21853100"]
[EventDate "2022.12.17"]

1. e4 c5 2. c3 Nf6 3. e5 Nd5 4. Bc4 Nb6 5. Bb3 Nc6 6. d4 e6 7. Nf3 cxd4 8. cxd4
d6 9. O-O dxe5 10. dxe5 Qxd1 11. Rxd1 Nb4 12. Nc3 Bd7 13. a3 Na6 14. Be3 Bc6 15.
Nd4 Bc5 16. Ba2 Na4 17. Nxa4 Bxa4 18. b3 Bxd4 19. Rxd4 Bc6 20. b4 Nc7 21. Rg4 g6
22. Bc5 O-O-O 23. Bxa7 Rd3 24. Bc4 Rc3 25. a4 Rd8 26. b5 Bd5 27. Bf1 Bb3 28. a5
Rd1 29. Rxd1 Bxd1 30. f3 Rc1 31. Kf2 Nd5 32. Rc4+ Rxc4 33. Bxc4 Nc7 34. Bb6 Na8
35. Bc5 Nc7 36. a6 bxa6 37. bxa6 Ba4 38. h4 Bc6 39. g4 Nd5 40. Kg3 Kd7 41. h5
Nc7 42. Kf4 h6 43. Kg3 Ke8 44. g5 f6 45. gxh6 Kf7 46. exf6 gxh5 47. h7 1-0